Statystyki dla Najwyższe szczyty kontynentów

Kliknij tutaj aby rozwiązać quiz!

Ogólne statystyki

  • Ten quiz został rozwiązany 20 razy
    (19 od ostatniego zresetowania)
  • Średni wynik to 8 z 45

Statystyki odpowiedzi

Wysokość (m.n.p.m.)SzczytKraj/Terytorium% Poprawnych
1.5895KilimandżaroTanzania
94%
1.8848Mount EverestNepal, Chiny
94%
1.4810Mont BlancFrancja
88%
2.8611K2Pakistan, Chiny
82%
1.2228Góra KościuszkiAustralia
76%
1.6961AconcaguaArgentyna
59%
1.5642ElbrusRosja
59%
1.6190DenaliStany Zjednoczone
47%
3.8586KanczendzongaNepal, Indie
29%
4.8516LhotseNepal, Chiny
24%
2.5199KeniaKenia
18%
5.8481MakaluNepal, Chiny
18%
1.4892Masyw VinsonaAntarktyda
18%
1.4884Puncak JayaIndonezja
18%
5.2962ZugspitzeNiemcy
18%
2.4634DufourspitzeSzwajcaria
12%
2.5956Góra LoganKanada
12%
3.5636Pico de OrizabaMeksyk
12%
3.5109Góra StanleyaDemokratyczna Republika Konga, Uganda
6%
3.3798GroßglocknerAustria
6%
4.6768HuascaránPeru
6%
4.3479MulhacénHiszpania
6%
5.6759Cerro BoneteArgentyna
0%
2.5203DychtauRosja
0%
5.2180Etheridge RidgeAustralia
0%
4.5489Góra Świętego EliaszaStany Zjednoczone, Kanada
0%
4.4509Góra WilhelmaPapua-Nowa Gwinea
0%
4.5150KosztantauRosja
0%
5.4359Mauna KuborPapua-Nowa Gwinea
0%
3.6795Monte PissisArgentyna
0%
5.4843Mount BakerUganda
0%
4.4650Mount CraddockAntarktyda
0%
5.4587Mount GardnerAntarktyda
0%
3.4661Mount ShinnAntarktyda
0%
4.4980Mount SpekeUganda
0%
2.2209Mount TownsendAustralia
0%
3.2195Mount TwynamAustralia
0%
2.4852Mount TyreeAntarktyda
0%
2.6880Ojos del SaladoArgentyna, Chile
0%
5.5100Pik PuszkinaRosja
0%
5.5452PopocatépetlMeksyk
0%
2.4760Puncak MandalaIndonezja
0%
3.4750Puncak TrikoraIndonezja
0%
4.2190Rams HeadAustralia
0%
3.5193SzcharaGruzja
0%

Rozkład punktacji

Percentyl według liczby udzielonych odpowiedzi

Procent ludzi z każdym wynikiem

Twoja historia wyników

Nie rozwiązałeś tego quizu od ostatniego zresetowania